00801nam a2200217 a 4500001001000000003000500010005001700015008004100032010001100073011001100084040000900095100002200104245014600126260004100272500006000313502007000373650001800443650004100461650001100502856007000513000109494CHAP20220329144052.0140506s2013 mx a |sm |||||||spa|d a105956 a106928 cCHAP00aZenil Lugo, Nadia10aCaracterización fisiológica y bioquímica asociada al estrés oxidativo en rosa (Rosa hybrida L.).h[En línea]cpor Nadia Zenil Lugo. aChapingo, Méx. :bEl autor,c2013. aPara ver el contenido del material haga clic en la liga aTesis (Ph.D. en Horticultura) -- UACH. Departamento de Fitotecnia14aAntioxidantes14aFloresxFisiología y morfología.14aRosas. aFinding aiduhttp://10.13.5.2/tesis/sist109494.pdfzTeclea aquí